书目信息 |
| 题名: |
词典学词典
|
|
| 作者: | 哈德曼 著 | |
| 分册: | ||
| 出版信息: | 北京 外语教学与研究出版社 2000.08 |
|
| 页数: | 181页 | |
| 开本: | 23cm | |
| 丛书名: | ||
| 单 册: | ||
| 中图分类: | H06-61 | |
| 科图分类: | ||
| 主题词: | 词典学 | |
| 电子资源: | ||
| ISBN: | 7-5600-2034-8 | |
| 000 | 00547nam0 2200193 450 | |
| 001 | 0431031320 | |
| 005 | 20041213144602.80 | |
| 010 | @a7-5600-2034-8@dCNY 16.90 | |
| 100 | @a20041019d2000 km y0chiy0120 ea | |
| 101 | 0 | @achi |
| 102 | @aCN@b110000 | |
| 200 | 1 | @a词典学词典@Aci dian xue ci dian@f(英)哈德曼等著@F(ying)ha de man deng zhu |
| 210 | @a北京@c外语教学与研究出版社@d2000.08 | |
| 215 | @a181页@d23cm | |
| 606 | 0 | @a词典学 |
| 690 | @aH06-61@v3 | |
| 701 | 0 | @a哈德曼@Aha de man@4著 |
| 801 | 0 | @aCN@bPFT@c20041213 |
| 905 | @a10447@dH06-61@eH002 | |
| 词典学词典/(英)哈德曼等著.-北京:外语教学与研究出版社,2000.08 |
| 181页;23cm |
| ISBN 7-5600-2034-8:CNY 16.90 |
| ● |
| 相关链接 |
|
|
|
正题名:词典学词典
索取号:H06-61/H002
 
预约/预借
| 序号 | 登录号 | 条形码 | 馆藏地/架位号 | 状态 | 备注 |
| 1 | 301760 | 203017608 | 语言库209/209语言库 68排1列5层/ [索取号:H06-61/H002] | 在馆 | |
| 2 | 420741 | 204207410 | 外国语学院资料室/ [索取号:H06-61/H002] | 在馆 | |
| 3 | 432250 | 204322508 | 语言库209/209语言库 68排1列5层/ [索取号:H06-61/H002] | 在馆 | |
| 4 | 432251 | 204322517 | 语言库209/209语言库 68排1列5层/ [索取号:H06-61/H002] | 在馆 | |
| 5 | 432252 | 204322526 | 语言库209/209语言库 68排1列5层/ [索取号:H06-61/H002] | 在馆 | |
| 6 | 433520 | 204335200 | 语言库209/209语言库 68排1列5层/ [索取号:H06-61/H002] | 在馆 |